Právo životného prostredia : (Vybrané problémy /

Gespeichert in:
Bibliographische Detailangaben
Hauptverfasser: Košičiarová, Soňa (Verfasst von), Rapant, Richard (Verfasst von), Kučerová, Erika (Verfasst von)
Format: Buch
Sprache:Slowakisch
Veröffentlicht: Bratislava : Univerzita Komenského v Bratislave, 1993
Tags: Tag hinzufügen
Keine Tags, Fügen Sie das erste Tag hinzu!

MARC

LEADER 00000nam a22000003a 4500
001 stu21934
005 20150617225751.0
008 931130s1993----cs------------------slo-d
020 |a 80-7160-045-8 
040 |a STU  |b slo 
041 0 |a slo 
044 |a cs 
080 |a 502.5:347(075.8)  |7 stu_us_auth*stu4698 
080 |a 347:502.5(075.8) 
100 1 |a Košičiarová, Soňa  |4 aut 
245 1 |a Právo životného prostredia :  |b (Vybrané problémy /  |c [aut.]Rapant,Richard, Kučerová,Erika, Košičiarová,Soňa 
260 |a Bratislava :  |b Univerzita Komenského v Bratislave,  |c 1993 
300 |a 321 s 
500 |a (Dočasná vysokoškolská učebnica) 
700 1 |a Rapant, Richard  |4 aut 
700 1 |a Kučerová, Erika  |4 aut 
996 |b CS32106  |c C*S32106  |l CCXII  |s P  |a 0  |w stu21934_0001